Organs of the body - Statistics

General Stats
  • This quiz has been taken 2,225 times
  • The average score is 11 of 15
Answer Stats
Hint Answer % Correct
Cerebral aneurysm Brain
95%
Hepatitis Liver
95%
Glaucoma Eye
90%
Endocarditis Heart
90%
Rhinitis Nose
84%
Diabetes mellitus Pancreas
83%
Splenomegaly Spleen
83%
Tinnitus Ear
80%
Pleurisy Lung
80%
Dyspepsia Stomach
78%
Cholecystitis Gall bladder
61%
Ectopic pregnancy Fallopian tube
55%
Cystitis Bladder
47%
Diverticulitis Bowel
26%
Diabetes insipidus Pituitary gland
7%
No matching quizzes found
Score Distribution
Percent of People with Each Score
Percentile by Number Answered
Your Score History
You have not taken this quiz